| 000 | 00523nam a2200205Ia 4500 | ||
|---|---|---|---|
| 003 | GCL | ||
| 008 | 140319s9999 xx 000 0 eng d | ||
| 040 |
_aGCL / _cGCL |
||
| 082 | 0 | 4 |
_a612.398 _bH B |
| 100 | 1 | _aHUDSON, B. J. F. | |
| 245 | 1 | 0 |
_aBIOCHEMISTRY OF FOOD PROTEINS / _cHUDSON, B. J. F. |
| 260 |
_a[S.N] : _bEL SEVIER APPLIED SCIENCE ، _c1992 |
||
| 300 | _a419 PP | ||
| 650 | 0 | 4 | _aPROTEIN - CONTENT |
| 650 | 0 | 4 | _aPROTEINS |
| 650 | 0 | 4 | _aFOOD |
| 650 | 0 | 4 | _aMETABOLISM |
| 650 | 0 | 4 | _aCHEMISTRY |
| 942 |
_2ddc _cBK |
||
| 999 |
_c23558 _d23558 |
||